[Event "POL-ch"]
[Site "?"]
[Date "1994.??.??"]
[Round "5"]
[White "Urban, Klaudiusz"]
[Black "Weglarz, Leszek"]
[Result "1/2-1/2"]
[WhiteElo "2175"]
[BlackElo "2555"]

1.Nf3 d5 2.g3 Nf6 3.Bg2 e6 4.O-O Be7 5.d4 O-O 6.c4 dxc4 7.Qc2 a6 8.a4 Bd7
9.Ne5 Nc6 10.Qxc4 Nxe5 11.dxe5 Nd5 12.Qg4 Kh8 13.Nd2 b5 14.a5 Rb8 15.Ne4 f5
16.exf6 Nxf6 17.Nxf6 Bxf6 18.Rd1 Qe7 19.Be4 Be8 20.Qh3 h6 21.Rb1 c5 22.Bf4 e5
23.Be3 Bg5 24.Bxg5 Qxg5 25.Qe6 Bh5 26.h4 Qf6 27.Qxf6 Rxf6 28.Rd5 Bxe2 29.Re1 Bg4
30.Rxc5 Rbf8 31.Rxe5 Rxf2 32.Re8 g5 33.hxg5 Rxe8 34.Kxf2 hxg5 35.Bc6 Rf8+
36.Ke3 Rd8 37.Rc1 Bf5 38.Rc5 Rd3+ 39.Ke2 Bh7 40.Rc3 Rd4 41.Bb7 Ra4 42.Ra3 Rb4
43.b3 Be4 44.Bxa6 Ba8 45.Bc8 Re4+ 46.Kd3 Re8 47.Bf5 Kg7 48.g4 Kf6 49.Kd4 Re5
50.b4 Rd5+ 51.Kc3 Rd1 52.Ra2 Rc1+ 53.Rc2 Rxc2+ 54.Bxc2 Ke5 55.Bf5 Bb7 56.Kd3 Ba6
57.Ke3 Bb7 58.Bd7 Ba6 59.Be8 Kd5 60.Kd3 Ke5 61.Bc6 Kd6 62.Bf3 Ke5 63.Ke3 Bc8
64.Be2 Ba6  1/2-1/2

[Event "POL-ch"]
[Site "?"]
[Date "1994.??.??"]
[Round "11"]
[White "Murdzia, Piotr"]
[Black "Weglarz, Leszek"]
[Result "1/2-1/2"]
[WhiteElo "2435"]
[BlackElo "2555"]

1.Nf3 d5 2.g3 c6 3.Bg2 Bg4 4.O-O Nd7 5.d3 e6 6.Nbd2 Be7 7.c3 Qb6 8.b3 Ngf6
9.Bb2 O-O 10.Qc2 Rad8 11.Rac1 h6 12.Qb1 Rfe8 13.Qa1 Bf8 14.c4 a5 15.a3 Bh5
16.Bc3 c5 17.cxd5 exd5 18.Rfe1 Qa6 19.a4 d4 20.Bb2 Ne5 21.Ba3 b6 22.Nc4 Bxf3
23.Bxf3 Nxf3+ 24.exf3 Qb7 25.Kg2 Nd5 26.Rxe8 Rxe8 27.Re1 Qc6 28.Qd1 Re6 29.Bc1 Be7
30.Bd2 Bg5 31.Rxe6 Qxe6 32.Be1 f5 33.f4 Bf6 34.Bd2 g6 35.Na3 Kf7 36.Qc2 h5
37.h4 Qc6 38.Qc4 Kg7 39.Kg1 Qe6 40.Kf1 Qd7 41.Qa6 Bd8 42.Nc4 Nc3 43.Ne5 Qd5
44.Bxc3 dxc3 45.Ke2 Bf6 46.Qc4 Qxc4 47.bxc4 Bxe5 48.fxe5 Kf7 49.Kd1 Ke6 50.f4 Ke7
51.Kc2 Kd7 52.Kxc3 Ke7 53.d4 Ke6 54.d5+ Ke7 55.Kd3 Kf7 56.Ke3 Ke7 57.Kf2 Kf7
58.g4 Ke7 59.g5  1/2-1/2

[Event "Wisla op (Women)"]
[Site "Poland"]
[Date "1994.??.??"]
[Round "?"]
[White "Slabek, Agnieszka"]
[Black "Erneste, Inguna"]
[Result "1-0"]
[WhiteElo "2145"]
[BlackElo "2300"]

1.Nf3 d5 2.g3 Bg4 3.Bg2 e6 4.d3 Nd7 5.Nbd2 Bd6 6.b3 Ne7 7.Bb2 O-O 8.O-O c5
9.h3 Bh5 10.e3 Nc6 11.c4 dxc4 12.Nxc4 Be7 13.a3 Rc8 14.Rc1 b5 15.Ncd2 Qb6
16.Rc2 Bg6 17.Qe2 Rcd8 18.Rfc1 a5 19.Ne4 Qa6 20.Nh4 Bxh4 21.gxh4 Ne7 22.h5 Bxe4
23.Bxe4 e5 24.d4 cxd4 25.exd4 Qe6 26.Qf3 f5 27.Bd3 e4 28.Qe2 Qxb3 29.Bxb5 Qe6
30.d5 Nxd5 31.Bc4 N7b6 32.Ba2 Kh8 33.Rc7 Rf7 34.Qd2 Rfd7 35.Qg5 h6 36.Bxg7+ Kh7
37.Qg3 Rg8 38.Rxd7 Nxd7 39.Bxd5 Qxd5 40.Qg6+  1-0

[Event "Polanica Zdroj op"]
[Site "Polanica Zdroj"]
[Date "1994.??.??"]
[Round "?"]
[White "Puchala, Jozef"]
[Black "Klykow, Lukasz"]
[Result "1-0"]
[WhiteElo "2300"]
[BlackElo "2220"]

1.Nf3 d5 2.g3 Nf6 3.Bg2 c6 4.O-O Bf5 5.d3 h6 6.c4 e6 7.Qb3 Qc8 8.Bf4 Nbd7
9.Nbd2 Bc5 10.Rac1 d4 11.Qc2 g5 12.Be5 Nxe5 13.Nxe5 Qc7 14.Nef3 e5 15.Nb3 Be7
16.e3 dxe3 17.fxe3 O-O-O 18.e4 Be6 19.a3 Ng4 20.Qc3 Qb6+ 21.Kh1 Nf2+ 22.Rxf2 Qxf2
23.Nxe5 Qb6 24.Rf1 Rh7 25.d4 c5 26.d5 Bd7 27.Nxd7 Kxd7 28.e5 Kc8 29.Be4 Rg7
30.d6 Bf8 31.Bd5 Rd7 32.Qe3 Bxd6 33.exd6 Qxd6 34.Qxc5+ Qxc5 35.Nxc5 Re7 36.Ne4 Rg6
37.g4 Rb6 38.b4 Kc7 39.Kg2 a5 40.b5 Rg6 41.Bxf7 Rg7 42.Bd5 Rh7 43.Rf8 h5
44.Rg8 hxg4 45.Rxg5 Rhg7 46.Rf5 Rh7 47.Rf6 b6 48.Rc6+  1-0

[Event "CRO-ch (Women)"]
[Site "Porec"]
[Date "1994.??.??"]
[Round "?"]
[White "Petek Medic, Mirjana"]
[Black "Macek, Vlasta"]
[Result "1-0"]
[WhiteElo "2285"]
[BlackElo "2250"]

1.Nf3 d5 2.g3 c6 3.Bg2 Bg4 4.d3 Nd7 5.h3 Bh5 6.Nbd2 e5 7.O-O Ngf6 8.g4 Bg6
9.Nh4 Bc5 10.Nxg6 hxg6 11.e3 Qe7 12.b3 a5 13.Bb2 a4 14.Rb1 axb3 15.axb3 Nh7
16.d4 Bd6 17.dxe5 Bxe5 18.Bxe5 Qxe5 19.Re1 O-O-O 20.Nf3 Qc3 21.b4 Qf6 22.b5 Kc7
23.bxc6 bxc6 24.c4 Nb6 25.cxd5 Nxd5 26.Qc2 Qc3 27.Qe2 Rhe8 28.Rec1 Qa3 29.Qc4 Rd6
30.Nd4 Kd7 31.Rb7+  1-0

[Event "CRO-ch (Women)"]
[Site "Porec"]
[Date "1994.??.??"]
[Round "?"]
[White "Vukovic, Zeljka"]
[Black "Svaljek, Radmila"]
[Result "0-1"]
[WhiteElo "2040"]
[BlackElo "2115"]

1.Nf3 d5 2.g3 c5 3.Bg2 Nf6 4.d3 e6 5.O-O Nc6 6.Nbd2 Be7 7.e4 Qc7 8.Re1 b6
9.exd5 exd5 10.c4 O-O 11.cxd5 Nxd5 12.Ne5 Be6 13.f4 Nxe5 14.Rxe5 Rad8 15.a3 Bf6
16.Rxe6 fxe6 17.Ne4 Bd4+ 18.Kh1 h6 19.Qb3 Qf7 20.Bd2 Kh8 21.Re1 Rfe8 22.Bh3 Re7
23.Qd1 Bxb2  0-1

[Event "Portoroz op"]
[Site "Portoroz"]
[Date "1994.??.??"]
[Round "?"]
[White "Velickovic, Zoran"]
[Black "Vospernik, Zdravko"]
[Result "1-0"]
[WhiteElo "2295"]
[BlackElo "2180"]

1.Nf3 d5 2.g3 c6 3.c4 Bf5 4.cxd5 Qxd5 5.Nc3 Qd8 6.Bg2 Nf6 7.O-O h6 8.Re1 e6
9.e4 Bh7 10.d4 Bb4 11.Qb3 Qe7 12.Ne5 O-O 13.a3 Ba5 14.Nc4 Bd8 15.Bf4 b5 16.Ne5 Nfd7
17.d5 Nxe5 18.Bxe5 Bb6 19.d6 Qe8 20.Rad1 Nd7 21.Bd4 Bxd4 22.Rxd4 e5 23.Rd2 Qe6
24.Qxe6 fxe6 25.Rc1 Nc5 26.Rcc2 Nb3 27.Rd3 Nd4 28.Rcd2 c5 29.b4 c4 30.Rxd4 exd4
31.Rxd4 a6 32.e5 Ra7 33.Bh3 Re8 34.d7 Rd8 35.Bxe6+ Kf8 36.Bh3 Bg6 37.Rf4+ Kg8
38.e6 Rc7 39.e7 Rcxd7 40.Bxd7 Rxd7 41.Rf8+ Kh7 42.e8=Q Bxe8 43.Rxe8 Rd2 44.Re2 Rd3
45.Rc2 g5 46.a4 bxa4 47.Nxa4 Ra3 48.Nc5 c3 49.Kg2 g4 50.Kf1 Kg6 51.Ke2 Kf5
52.Kd3 Ke5 53.Rxc3 Ra2 54.Rc2 Ra3+ 55.Kc4  1-0

[Event "CZE Tschechien-ch"]
[Site "Prague"]
[Date "1994.??.??"]
[Round "5"]
[White "Hausner, Ivan"]
[Black "Jirovsky, Pavel"]
[Result "0-1"]
[WhiteElo "2480"]
[BlackElo "2335"]

1.Nf3 d5 2.g3 Nf6 3.Bg2 e6 4.O-O Be7 5.d3 O-O 6.Nbd2 c5 7.e4 Nc6 8.e5 Nd7
9.Re1 b5 10.Nf1 b4 11.h4 Re8 12.N1h2 a5 13.Bf4 Nf8 14.h5 h6 15.Nd2 Nh7 16.Qg4 Kh8
17.Ndf3 a4 18.a3 Bd7 19.c4 bxc3 20.bxc3 Rb8 21.c4 Rb3 22.Rad1 Rxa3 23.Bc1 Ra2
24.Qf4 Rf8 25.Ng4 Ng5 26.Rd2 Ra1 27.Ngh2 d4 28.Rdd1 Nb4 29.Bf1 Bc6 30.Qg4 Ra2
31.Nh4 Qa8 32.f4 Nh7 33.N2f3 a3 34.f5 Bxf3 35.Nxf3 exf5 36.Qxf5 Rc2 37.Bf4 a2
38.Bg2 Qc8 39.e6 fxe6 40.Qg6 Bf6 41.Bd6 Rd8 42.Be5 Nc6 43.Bxf6 Nxf6 44.Nh4 Rf8
45.Bh3 Ne7 46.Rxe6 Nxg6 47.Nxg6+ Kh7 48.Bf5 Qxe6 49.Nxf8+ Kg8 50.Nxe6 Rb2  0-1

[Event "Bohemians"]
[Site "Prague"]
[Date "1994.??.??"]
[Round "9"]
[White "Vokac, Marek"]
[Black "Trichkov, Vasil"]
[Result "0-1"]
[WhiteElo "2485"]
[BlackElo "2415"]

1.Nf3 d5 2.g3 Nf6 3.Bg2 c6 4.d3 Bf5 5.Nbd2 h6 6.O-O Nbd7 7.e4 dxe4 8.dxe4 Bxe4
9.Nxe4 Nxe4 10.Qe2 Nef6 11.a4 e6 12.a5 a6 13.Rd1 Be7 14.Ne5 Qc8 15.Nc4 Nd5
16.Bxd5 cxd5 17.Rxd5 O-O 18.Rh5 Nf6 19.Rh4 Qc7 20.Nb6 Rad8 21.Rc4 Qb8 22.Bf4 Bd6
23.Be3 Be5 24.Re1 Bc7 25.Bd4 Nd5 26.Qh5 Ne7 27.Bf6 Bxb6 28.Bxe7 Rd5 29.Qg4 h5
30.Qf3 Bxa5 31.Rd1 Rf5 32.Qe3 b5 33.Rc6 Qb7 34.Bxf8 Qxc6 35.Qa3 Qxc2 36.Rf1 Bb6
37.Qd6 Bxf2+ 38.Kg2 Bc5+ 39.Kh3 Bxd6 40.Rxf5 Qxf5+  0-1

[Event "CRO-Cup"]
[Site "Pula"]
[Date "1994.??.??"]
[Round "1"]
[White "Bulat, Ante"]
[Black "Petrov, Jole"]
[Result "1/2-1/2"]
[WhiteElo "2350"]
[BlackElo "2255"]

1.Nf3 d5 2.g3 c6 3.Bg2 Nf6 4.O-O Bf5 5.d3 e6 6.Nbd2 Nbd7 7.Qe1 Bc5 8.e4 Bg6
9.Qe2 a5 10.e5 Ng8 11.Nh4 Ne7 12.a4 Qc7 13.Nb3 Bb6 14.d4 c5 15.Nxg6 Nxg6
16.c3 O-O 17.Be3 Ne7 18.f4 Rfc8 19.Rfc1 cxd4 20.cxd4 Nc6 21.Bf2 Qd8 22.Rc3 Qe7
23.f5 Qg5 24.g4 Nf8 25.h4 Qf4 26.Rd1 exf5 27.gxf5 Qxf5 28.Bh3 Qg6+ 29.Rg3 Qh6
30.Bxc8 Rxc8 31.Qg4 Ne6 32.h5 Qf4 33.Kf1 h6 34.Qxf4 Nxf4 35.Rc3 Nxh5 36.Nc5 Bxc5
37.Rxc5 Rf8 38.Be1 Nf4 39.Bxa5 Ra8 40.Bd2 Nd3 41.Rxd5 Nxb2 42.Rb1 Nc4 43.Ke2 Rxa4
44.Kd3 Nxd2 45.Kxd2 Rxd4+ 46.Rxd4 Nxd4 47.Ke3 Ne6 48.Rxb7 g5 49.Ra7 Kg7 50.Kf3 Kg6
51.Rb7 h5 52.Kg3 g4 53.Kh4 Ng7 54.Rb6+ Kf5 55.Rf6+ Kxe5 56.Rxf7 Nf5+ 57.Kg5  1/2-1/2

[Event "CRO-Cup"]
[Site "Pula"]
[Date "1994.??.??"]
[Round "1"]
[White "Marangunic, Srdjan"]
[Black "Truta, Srecko"]
[Result "1-0"]
[WhiteElo "2445"]
[BlackElo "2265"]

1.Nf3 d5 2.g3 Nf6 3.Bg2 g6 4.O-O Bg7 5.d4 O-O 6.Nbd2 c5 7.dxc5 Na6 8.Nb3 Ne4
9.Ng5 Nxg5 10.Bxg5 Bxb2 11.Rb1 Bg7 12.Qxd5 Qc7 13.Qc4 h6 14.Bf4 e5 15.Bd2 Rb8
16.Bd5 Qe7 17.Rfe1 Nc7 18.Bg2 Be6 19.Qa4 a6 20.Bb4 Rfc8 21.c6 b5 22.Qa5 Qe8
23.Bd6 b4 24.Bxc7 Rb5 25.Qxa6 Bc4 26.Bb6 Ra8 27.Ba7 e4 28.e3 Rc5 29.Qb7 Rxc6
30.Na5 Bd5 31.Nxc6 Bxc6 32.Qb6 Bc3 33.Red1 Ba4 34.Rbc1 Bb2 35.Qb7 Bxc1 36.Rxc1 Bc6
37.Qc7 Qd7 38.Qxd7 Bxd7 39.Bc5  1-0

[Event "CRO-Cup"]
[Site "Pula"]
[Date "1994.??.??"]
[Round "2"]
[White "Cvitan, Ognjen"]
[Black "Lalic, Bogdan"]
[Result "1/2-1/2"]
[WhiteElo "2585"]
[BlackElo "2530"]

1.Nf3 d5 2.g3 c6 3.Bg2 Bg4 4.O-O Nd7 5.d3 e6 6.Nbd2 Bd6 7.e4 Ne7 8.h3 Bh5
9.Qe1 O-O 10.Nh2 Kh8 11.f4 f6 12.Kh1 a5 13.Ndf3 c5 14.b3 a4 15.Bb2 a3 16.Bc3 d4
17.Bd2 Nc6 18.g4 Bf7 19.f5 Qc7 20.Qc1 exf5 21.gxf5 b5 22.Ng4 c4 23.Rg1 Rac8
24.Bf1 cxb3 25.cxb3 Qa7 26.Qe1 Nce5 27.Ngxe5 Nxe5 28.Nxe5 Bxe5 29.Bb4 Rg8
30.Rg2 g5 31.fxg6 Rxg6 32.Rc1 Rcg8 33.Rxg6 Bxg6 34.Be2 f5 35.Bf3 Qg7 36.exf5 Bxf5
37.Rc5 Bg3 38.Qf1 Be5 39.Qe1 Bg3 40.Qf1  1/2-1/2

[Event "Quebeck-ch"]
[Site "Quebec"]
[Date "1994.??.??"]
[Round "3"]
[White "Leveille, Francois"]
[Black "O'Donnell, Tom"]
[Result "1-0"]
[WhiteElo "2330"]
[BlackElo "2385"]

1.Nf3 d5 2.g3 Nf6 3.Bg2 c6 4.O-O e6 5.b3 Be7 6.Bb2 b6 7.c4 Bb7 8.e3 O-O 9.Qe2 c5
10.Nc3 Nc6 11.Rfd1 dxc4 12.bxc4 Qc8 13.Rac1 Re8 14.d3 Na5 15.e4 Nc6 16.e5 Nd7
17.h4 Qb8 18.Re1 a6 19.Qe3 b5 20.Ba1 Nb6 21.Ne4 Nd7 22.Nf6+ Nxf6 23.exf6 gxf6
24.Qh6 Nd4 25.Nxd4 cxd4 26.Re4 Bxe4 27.Bxe4 f5 28.Bxd4 f6 29.Bxa8 Qxa8 30.Bxf6 Bxf6
31.Qxf6 Qd8 32.Qh6 b4 33.c5 Qd5 34.c6 Rc8 35.Qg5+ Kf7 36.c7 Qd6 37.Qh5+ Kg7
38.Qg5+ Kf7 39.Qh6 Kg8 40.Qf6 a5 41.Re1 Rxc7 42.Rxe6 Qf8 43.Qg5+ Rg7 44.Qh5 Rf7
45.Qe2 Qc5 46.Re8+ Kg7 47.Qb2+ Rf6 48.Re5 Qc3 49.Qxc3 bxc3 50.Rc5 f4 51.Rxc3 fxg3
52.fxg3 Rb6 53.Rb3 Rc6 54.Rb2 Rc3 55.Rd2 Kf6 56.Kf2 Ke5 57.Ke3 Rc1 58.Rf2 Re1+
59.Re2 Ra1 60.g4 Rh1 61.h5 a4 62.Kd2+  1-0

[Event "Reggio Emilia9495"]
[Site "Reggio Emilia"]
[Date "1994.??.??"]
[Round "6"]
[White "Vaganian, Rafael A"]
[Black "Barlocco, Carlo"]
[Result "1-0"]
[WhiteElo "2645"]
[BlackElo "2280"]

1.Nf3 d5 2.g3 Nf6 3.Bg2 e6 4.O-O Be7 5.d3 O-O 6.Nbd2 Nbd7 7.e4 dxe4 8.dxe4 e5
9.b3 c6 10.Bb2 Qc7 11.Re1 Re8 12.Nc4 Bb4 13.c3 Bf8 14.Qc2 b6 15.a4 a5 16.Rad1 Ba6
17.Bf1 Nc5 18.Bc1 h6 19.Nh4 g6 20.f4 Nfd7 21.f5 g5 22.Nf3 b5 23.axb5 Bxb5
24.Be3 Nf6 25.Nfd2 Ng4 26.Kg2 Nxe3+ 27.Nxe3 Bxf1+ 28.Rxf1 f6 29.h4 Kg7 30.Ndc4 Rab8
31.Rb1 Nd7 32.Rh1 Bc5 33.Qe2 Rh8 34.Qh5 Rbg8 35.Ng4 gxh4 36.Rxh4 Kf8 37.Nxh6 Nb6
38.Rd1 Rg5 39.Qe2 Qg7 40.Nxe5 Rxg3+ 41.Kh2 Bg1+ 42.Rxg1 Rxg1 43.Qf2 Rxh6
44.Rxh6 Qxh6+ 45.Kxg1 Qg5+ 46.Kf1 Qc1+ 47.Kg2 Qg5+ 48.Kh3 Qh5+ 49.Kg3 fxe5
50.Qc5+ Kf7 51.Qxe5 Qg5+ 52.Kf3 Qh5+ 53.Ke3 Qg5+ 54.Kd3 Qd8+ 55.Kc2 Qd7 56.Qxa5 Nc8
57.Qe5 Nd6 58.Qf4 Ke8 59.Qh4 Qe7 60.Qxe7+ Kxe7 61.Kd3 Nf7 62.Kd4 Kd6 63.b4 Ne5
64.c4 Nf3+ 65.Ke3 Ne1 66.b5 cxb5 67.cxb5 Nc2+ 68.Kd3 Na3 69.b6 Nb5 70.f6 Ke6
71.b7  1-0

[Event "Rishon Le Ziyyon"]
[Site "Rishon Le Ziyyon"]
[Date "1994.??.??"]
[Round "9"]
[White "Zilberman, Yaacov"]
[Black "Shmuter, Leonid"]
[Result "1/2-1/2"]
[WhiteElo "2460"]
[BlackElo "2470"]

1.g3 d5 2.Nf3 g6 3.Bg2 Bg7 4.O-O e5 5.d3 Ne7 6.e4 Nbc6 7.Nc3 dxe4 8.dxe4 O-O
9.Qxd8 Rxd8 10.Nb5 Bd7 11.c3 Rac8 12.Be3 Be6 13.Rfe1 f6 14.Nd2 Rd7 15.Bf1 Rcd8
16.Nb3 b6 17.Na3 Nb8 18.Bb5 Nec6 19.Bc4 Bxc4 20.Nxc4 h5 21.a4 a5 22.Kf1 Kh7
23.Ke2 Bh6 24.Red1 Bxe3 25.Rxd7+ Rxd7 26.Nxe3 Kg7 27.Nc1 Kf7 28.Nd3 Nd8 29.Rd1 Nb7
30.h3 Nd6 31.f3 Ke6 32.Rf1 Nc6  1/2-1/2

[Event "ROM-chT"]
[Site "ROM"]
[Date "1994.??.??"]
[Round "?"]
[White "Dumitrache, Dragos"]
[Black "Danilov, Vladimir"]
[Result "1-0"]
[WhiteElo "2395"]
[BlackElo "2315"]

1.Nf3 d5 2.g3 c6 3.Bg2 Nf6 4.d3 g6 5.O-O Bg7 6.Nbd2 O-O 7.e4 dxe4 8.dxe4 Qc7
9.a4 e5 10.a5 Be6 11.Qe2 h6 12.Nc4 Nbd7 13.Bd2 Rfd8 14.Bb4 b5 15.axb6 axb6
16.Rfd1 b5 17.Na5 Nb6 18.Qe3 Rxd1+ 19.Rxd1 Na4 20.b3 c5 21.Be1 Nb2 22.Rb1 b4
23.Rxb2 Qxa5 24.Rb1 Qa2 25.Rc1 Qb2 26.Bd2 Nd7 27.Bf1 Rc8 28.Kg2 Nb8 29.Bd3 Bf8
30.Qe1 Nc6 31.Rb1 Qa2 32.Ra1 Qb2 33.Rb1 Qa2 34.Ra1 Qb2 35.Qc1 Qxc1 36.Bxc1 f6
37.Be3 Nd8 38.Nd2 Nb7 39.Nc4 Rc6 40.Ra7 Nd6 41.Na5 Rc8 42.Ba6 Rb8 43.Nc6 Nc8
44.Rc7 Bd6 45.Nxb8 Bxc7 46.Nc6 Nd6 47.Bxc5 Nxe4 48.Bxb4 Ng5 49.Ne7+ Kf7 50.Bc8 Bxc8
51.Nxc8 e4 52.Bd6 Bxd6 53.Nxd6+ Ke6 54.Nc4 Nf3 55.c3 f5 56.h4 g5 57.h5 f4
58.gxf4 gxf4 59.Kh3 Ne1 60.b4 Nd3 61.Kg4 f3 62.Kg3 Kd5 63.Ne3+ Ke5 64.Ng4+ Kd5
65.Ne3+ Ke5 66.Ng4+ Kd5 67.Nxh6 Nc1 68.Ng4 Ne2+ 69.Kh4  1-0

[Event "ROM-chT"]
[Site "ROM"]
[Date "1994.??.??"]
[Round "?"]
[White "Popescu, Dan"]
[Black "Negulescu, Adrian"]
[Result "1/2-1/2"]
[WhiteElo "2270"]
[BlackElo "2450"]

1.Nf3 d5 2.g3 Nc6 3.Bg2 e5 4.d3 Nf6 5.O-O Be7 6.c4 O-O 7.cxd5 Nxd5 8.Nc3 Be6
9.Bd2 Qd7 10.a3 Nxc3 11.Bxc3 f6 12.b4 Nd4 13.Bxd4 exd4 14.Nd2 c6 15.Nb3 Kh8
16.Qc2 f5 17.Qb2 Rad8 18.Rac1 Bxb3 19.Qxb3  1/2-1/2

[Event "Rome op"]
[Site "Rome"]
[Date "1994.??.??"]
[Round "?"]
[White "D'Amore, Carlo"]
[Black "Belotti, Bruno"]
[Result "1-0"]
[WhiteElo "2420"]
[BlackElo "2420"]

1.Nf3 d5 2.g3 Nf6 3.Bg2 c6 4.d3 Bg4 5.Nbd2 Nbd7 6.e4 dxe4 7.dxe4 e5 8.O-O Bc5
9.Qe1 O-O 10.Nc4 Re8 11.a4 Qc7 12.Nfd2 Be6 13.Ne3 Rad8 14.Kh1 Ng4 15.Nd1 Nf8
16.f3 Nf6 17.Nf2 b5 18.Nd3 Bb6 19.Qe2 a5 20.Rd1 Bc8 21.Nf1 Ne6 22.Be3 Bxe3
23.Nxe3 b4 24.Qf2 Ba6 25.Bf1 Nd7 26.c3 bxc3 27.bxc3 Bxd3 28.Bxd3 Nec5 29.Nc4 Rb8
30.Bf1 Red8 31.Rd6 f6 32.Rad1 Nxa4 33.Bh3 Ndc5 34.Bf1 Rxd6 35.Nxd6 Rd8 36.Qd2 Kf8
37.f4 exf4 38.Qxf4 Nxc3 39.Rd2 N3xe4 40.Nxe4 Qxf4 41.Rxd8+ Ke7 42.gxf4 Nxe4  1-0

[Event "Saanen"]
[Site "Saanen"]
[Date "1994.??.??"]
[Round "6"]
[White "Oratovsky, Michael"]
[Black "Siebrecht, Sebastian"]
[Result "1-0"]
[WhiteElo "2485"]
[BlackElo "2360"]

1.Nf3 d5 2.g3 Nf6 3.Bg2 c6 4.O-O Bg4 5.Ne5 Bf5 6.c4 e6 7.d4 Nbd7 8.Nc3 Be7
9.Qb3 Qb6 10.Nxd7 Nxd7 11.e4 dxe4 12.Nxe4 O-O 13.Be3 Nf6 14.d5 Qxb3 15.Nxf6+ Bxf6
16.axb3 cxd5 17.cxd5 Bxb2 18.Ra2 Be5 19.Rxa7 Rxa7 20.Bxa7 exd5 21.Bxd5 Rd8
22.Bc4 Bc2 23.Bb6 Rd1 24.Rxd1 Bxd1 25.f4 Bd6 26.Kf2 Bb4 27.Bd5 g6 28.Ke3 h5
29.Kd4 Be1 30.Ke5 h4 31.gxh4 Bxh4 32.Kd6 g5 33.Bd8 Kg7 34.f5 f6 35.Bb6 g4
36.Kc7 Kh6 37.Kxb7 Bf3 38.Kc6 Kg5 39.b4 Kxf5 40.Bc7 Bf2 41.b5 Kg5 42.b6 f5
43.b7 Ba7 44.Bxf3 gxf3 45.Bg3 Kg4 46.Bf2 Bb8 47.h4 f4 48.Kd7 Kf5 49.Ke7 Kg4
50.Ke6 Bc7 51.Kf6 Kh5 52.Kf7 Bb8 53.Be1 Bc7 54.Ke6 Kg4 55.Kd7 Bb8 56.Kc8 Be5
57.b8=Q Bxb8 58.Kxb8 Kh3 59.h5 Kg2 60.h6 f2 61.Bxf2 Kxf2 62.h7 f3 63.h8=Q Kg1
64.Qg7+ Kf1 65.Qa1+ Ke2 66.Qb2+ Ke1 67.Qc1+ Ke2 68.Qc4+ Ke1 69.Qe4+ Kf2 70.Kc7  1-0

[Event "Sala op"]
[Site "Sala"]
[Date "1994.??.??"]
[Round "6"]
[White "Banas, Jan"]
[Black "Veselsky, Jozef"]
[Result "1-0"]
[WhiteElo "2390"]
[BlackElo "2260"]

1.Nf3 d5 2.g3 g6 3.Bg2 Bg7 4.d4 Nf6 5.O-O O-O 6.c4 c6 7.cxd5 cxd5 8.Nc3 Nc6
9.Ne5 e6 10.Bg5 h6 11.Nxc6 bxc6 12.Bf4 Nh5 13.Be3 Rb8 14.Qd2 Kh7 15.Na4 Rb5
16.Rac1 Bb7 17.Nc5 Bc8 18.Rc2 Nf6 19.a4 Rb6 20.h3 Nd7 21.Nd3 Bb7 22.b4 Re8
23.Rfc1 Ba8 24.Ne5 Nxe5 25.dxe5 Rb7 26.Rxc6 Qb8 27.b5 Rd7 28.Rd6 Red8 29.Rxd7 Rxd7
30.f4 Bf8 31.Bd4 Be7 32.Qc3 Bd8 33.Qc8 Qxc8 34.Rxc8 Bb7 35.Rc2 Bb6 36.e3 Kg7
37.Kf2 Kf8 38.Bf1 Ke7 39.Bd3 Kd8 40.Ke2 Rc7 41.Kd1 Rxc2 42.Kxc2 Kc7 43.Kb3 Bc8
44.Kb4 Kb7 45.a5 Bd8 46.Bc5 g5 47.g4 gxf4 48.exf4 Bh4 49.a6+ Ka8 50.Bf8 Kb8
51.Bd6+ Ka8 52.Kc5 Bg3 53.Kc6 Bxf4 54.Kc7 Bg3 55.Bh7  1-0

[Event "San Martin"]
[Site "San Martin"]
[Date "1994.??.??"]
[Round "10"]
[White "Soppe, Guillermo"]
[Black "Slipak, Sergio"]
[Result "1/2-1/2"]
[WhiteElo "2430"]
[BlackElo "2460"]

1.Nf3 d5 2.g3 g6 3.Bg2 Bg7 4.O-O e5 5.d3 Ne7 6.Na3 O-O 7.c4 c6 8.Rb1 h6 9.b4 Be6
10.Bb2 Nd7 11.Nd2 Kh7 12.Nb3 b6 13.Rc1 Rc8 14.Qd2 d4 15.e3 Nf5 16.exd4 exd4
17.c5 Ne5 18.Nc4  1/2-1/2

[Event "San Mateo"]
[Site "San Mateo"]
[Date "1994.??.??"]
[Round "?"]
[White "Leski, Marc"]
[Black "O'Donnell, Tom"]
[Result "1/2-1/2"]
[WhiteElo "2440"]
[BlackElo "2405"]

1.Nf3 d5 2.g3 Nf6 3.Bg2 c6 4.O-O Bg4 5.d3 Nbd7 6.c4 e6 7.Be3 Bc5 8.Bxc5 Nxc5
9.Qc2 Ncd7 10.cxd5 cxd5 11.Rc1 Bxf3 12.Bxf3 O-O 13.Nd2 Rc8 14.Qa4 Qb6 15.b4 Ne5
16.h3  1/2-1/2

[Event "San Mateo"]
[Site "San Mateo"]
[Date "1994.??.??"]
[Round "?"]
[White "Leski, Marc"]
[Black "Izumikawa, Burt"]
[Result "1-0"]
[WhiteElo "2440"]
[BlackElo "2360"]

1.Nf3 d5 2.g3 Nf6 3.Bg2 Bg4 4.c4 c6 5.cxd5 cxd5 6.Qb3 Qc7 7.Nc3 e6 8.d3 Nc6
9.Bf4 Qd7 10.Ne5 Nxe5 11.Bxe5 Be7 12.h3 Bh5 13.e4 O-O 14.O-O Rac8 15.g4 Bg6
16.f4 h6 17.f5 Bh7 18.Rae1 dxe4 19.dxe4 Qc6 20.Kh1 Nd7 21.Bg3 Qb6 22.Qxb6 Nxb6
23.Nb5 a6 24.Nc7 Nc4 25.fxe6 fxe6 26.Rxf8+ Bxf8 27.Nxe6 Nxb2 28.Nxf8 Kxf8
29.Bd6+ Ke8 30.e5 b5 31.Bb7 Rc4 32.e6  1-0

[Event "San Sebastian op"]
[Site "San Sebastian"]
[Date "1994.??.??"]
[Round "9"]
[White "Zabala, Pedro Maria"]
[Black "Esteban, Jesus Maria"]
[Result "1-0"]
[WhiteElo "2295"]
[BlackElo "2485"]

1.Nf3 d5 2.g3 c5 3.Bg2 Nc6 4.d4 e6 5.O-O Nf6 6.e3 cxd4 7.exd4 b5 8.Ne5 Qb6
9.a4 b4 10.c4 bxc3 11.bxc3 Ba6 12.Re1 Nxe5 13.dxe5 Nd7 14.Ba3 Bxa3 15.Nxa3 Rc8
16.a5 Qc5 17.c4 dxc4 18.Qa4 Ke7 19.Rad1 Rhd8 20.Rd6 Nxe5 21.Rxa6 Nd3 22.Rf1 Nxf2
23.Rxf2 Rd2 24.Rxa7+ Qxa7 25.Qb4+ Qc5 26.Qxc5+  1-0

[Event "Sarospatak op"]
[Site "Sarospatak"]
[Date "1994.??.??"]
[Round "?"]
[White "Felegyhazi, Laszlo"]
[Black "Somlai, Laszlo"]
[Result "1/2-1/2"]
[WhiteElo "2290"]
[BlackElo "2360"]

1.Nf3 d5 2.g3 Nf6 3.Bg2 c6 4.c4 Bf5 5.cxd5 cxd5 6.Qb3 Qb6 7.Nc3 Qxb3 8.axb3 Bd7
9.Nd4 e6 10.Ndb5 Bxb5 11.Nxb5 Kd7 12.O-O Nc6 13.d3 a6 14.e4 Bc5 15.Nc3 d4
16.Ne2 Rac8 17.Bf4 Bb6 18.Ra4 Ke7 19.Bg5 h6 20.Bxf6+ gxf6 21.Rc1 Ne5 22.Rb4 Rxc1+
23.Nxc1 Nd7 24.e5 fxe5 25.Bxb7 a5 26.Rb5 Bc7 27.b4 axb4 28.Na2 Bd6 29.Bc6 Rc8
30.Nxb4 Bxb4 31.Bxd7 Kxd7 32.Rxb4 Rc1+ 33.Kg2 Rd1 34.Rb3 f5 35.Kf3 Rd2 36.h4 h5
37.Kg2 e4 38.dxe4 fxe4 39.Kf1 e5 40.Rb6 Ke7 41.Ke1 Rc2 42.Rh6 Rxb2 43.Rxh5 Kf6
44.g4 Rb1+ 45.Kd2 Rb2+ 46.Ke1  1/2-1/2

[Event "Sarospatak op"]
[Site "Sarospatak"]
[Date "1994.??.??"]
[Round "?"]
[White "Szell, Lajos"]
[Black "Videki, Sandor"]
[Result "1/2-1/2"]
[WhiteElo "2315"]
[BlackElo "2405"]

1.Nf3 d5 2.g3 c6 3.Bg2 Bg4 4.O-O Nd7 5.d4 e6 6.Nbd2 Ngf6 7.Re1 Be7 8.e4 dxe4
9.Nxe4 Nxe4 10.Rxe4 Nf6 11.Re1 O-O 12.c3 Qb6 13.Qb3 Bxf3 14.Bxf3 h6 15.Be3 Rfd8
16.Rad1 Nd5 17.Bc1 Bf6 18.Qc2 Rd7 19.Qe4 Rad8 20.Be2 Be7 21.Bd3 Nf6 22.Qf3 Qa5
23.a3 Qh5 24.Kg2 Qxf3+ 25.Kxf3 Nd5 26.Bc2 Bf6 27.Bf4 Nb6 28.Bb3 Kf8 29.Be5 Ke7
30.Bxf6+ Kxf6 31.Re5 Rd6 32.Rde1 Nd7 33.R5e2 g5 34.h4 gxh4 35.gxh4 c5 36.dxc5 Nxc5
37.Bc2 Nd3 38.Bxd3 Rxd3+ 39.Re3 Rd2 40.R1e2 Rxe2 41.Kxe2 Rd5 42.Rd3 Ke5 43.c4 Rd4
44.b3 b6 45.h5 a5 46.Re3+ Kd6 47.Rd3 Kc5 48.Ke3 Rh4 49.Rd7 Rxh5 50.Rxf7 a4
51.bxa4 Kxc4 52.Rb7 Kc5 53.Rc7+ Kd6  1/2-1/2

[Event "Schwaebisch Gmuend op"]
[Site "Schwaebisch Gmuend"]
[Date "1994.??.??"]
[Round "3"]
[White "Fochtler, Ekkehard"]
[Black "Kupreichik, Viktor D"]
[Result "0-1"]
[WhiteElo "2280"]
[BlackElo "2515"]

1.Nf3 d5 2.g3 c5 3.Bg2 Nc6 4.d4 e6 5.O-O cxd4 6.Nxd4 Bc5 7.Nxc6 bxc6 8.c4 Nf6
9.Nc3 O-O 10.Qc2 Ba6 11.b3 dxc4 12.bxc4 Qd4 13.Na4 Be7 14.Nb2 Rab8 15.Rd1 Qb6
16.Nd3 Qd4 17.Bf4 Rbc8 18.Ne5 Qc5 19.Qa4 Qa3 20.Qb3 Qc5 21.Nd7 Nxd7 22.Rxd7 Bxc4
23.Qc2 Bb5 24.Rc1 Qa3 25.Bc7 Bg5 26.Rb1 Ba4 27.Qc4 Bb5 28.Qc2 Qa6 29.Qc5 Qxa2
30.Rbd1 h6 31.Bxc6 Bxc6 32.Qxc6 Qxe2 33.Qb7 a6 34.Bb6 Rc2 35.h4 Bf6 36.Be3 a5
37.Qa7 Qh5 38.Qb7 Qg4 39.Qb3 Rc3 40.Qb7 Rxe3 41.fxe3 Qxg3+ 42.Kh1 Qh3+ 43.Kg1 Qxe3+
44.Kh1 Qh3+ 45.Kg1 Qxh4 46.Qf3 Rb8  0-1

[Event "Sevilla op"]
[Site "Sevilla"]
[Date "1994.??.??"]
[Round "8"]
[White "Komljenovic, Davor"]
[Black "Campora, Daniel H"]
[Result "0-1"]
[WhiteElo "2470"]
[BlackElo "2535"]

1.Nf3 d5 2.g3 Nf6 3.Bg2 g6 4.O-O Bg7 5.c4 d4 6.d3 O-O 7.b4 Re8 8.Nbd2 e5
9.Ng5 h6 10.Nge4 Nxe4 11.Nxe4 Nd7 12.c5 Nf8 13.Nd2 Rb8 14.Nc4 Be6 15.Qa4 Bd5
16.Qxe8 Qxe8 17.Bxd5 Qd7 18.Bg2 Ne6 19.Bd2 c6 20.Rab1 f5 21.a4 Kh7 22.b5 Rd8
23.Rfc1 e4 24.dxe4 Nxc5 25.bxc6 bxc6 26.exf5 Qxf5 27.Bxc6 Ne4 28.Be1 Nc3
29.Bxc3 dxc3 30.Ne3 Qe6 31.Bf3 h5 32.h4 Rd7 33.Rb5 Bd4 34.Nd5 a6 35.Nf4 Qa2
36.Rbb1 c2 37.Rb8 Ba7 38.Rb7 Rxb7 39.Bxb7 Qb2 40.Nd3 Qxb7 41.Rxc2 Bd4 42.Rc4 Qd5
43.Rc7+ Kh6 44.Nf4 Qa5 45.Rc1 Qxa4 46.e3 Be5 47.Ne6 Bxg3 48.fxg3 Qe4  0-1

[Event "SLO-chT"]
[Site "?"]
[Date "1994.??.??"]
[Round "?"]
[White "Velickovic, Zoran"]
[Black "Mikac, Matjaz"]
[Result "1-0"]
[WhiteElo "2295"]
[BlackElo "2410"]

1.Nf3 d5 2.g3 c6 3.c4 dxc4 4.Bg2 e6 5.Qc2 b5 6.a4 Bb7 7.b3 cxb3 8.Qxb3 a6
9.d4 Nf6 10.O-O Be7 11.Nc3 O-O 12.Rd1 Nbd7 13.e4 b4 14.a5 Rb8 15.Na4 Nxe4
16.Bf4 Rc8 17.Ne5 Nef6 18.Nc5 Nxc5 19.dxc5 Nd5 20.Qc4 Bf6 21.h4 Qc7 22.Ng4 e5
23.Nxf6+ Nxf6 24.Bd2 Rcd8 25.Bxb4 Rxd1+ 26.Rxd1 Rd8 27.Rb1 Nd5 28.Bc3 Bc8  1-0